[Event "GER-chT U16"]
[Site "Walldorf"]
[Date "2017.12.27"]
[Round "2.3"]
[White "Baureis, Julian"]
[Black "Reichelt, Marius"]
[Result "1/2-1/2"]
[WhiteElo "1544"]
[BlackElo "1536"]
[PlyCount "90"]
[EventDate "2017.12.26"]
[EventType "team-swiss"]
[EventRounds "7"]
[EventCountry "GER"]
[SourceTitle "CBM 182 Extra"]
[Source "ChessBase"]
[SourceDate "2018.02.23"]
[SourceVersion "1"]
[SourceVersionDate "2018.02.23"]
[SourceQuality "1"]
[WhiteTeam "Walldorf"]
[BlackTeam "Leipzig Gruen Weiss"]
[WhiteTeamCountry "GER"]
[BlackTeamCountry "GER"]

1. d4 d5 2. c4 c6 3. Nf3 Nf6 4. Nc3 e6 5. Bg5 Be7 6. e3 0-0 7. Be2 Nbd7 8. Qc2 h6 9. Bh4 Re8 10. 0-0 c5 11. Rfd1 Qc7 12. Bg3 Qb6 13. Rac1 cxd4 14. exd4 dxc4 15. Bxc4 Bd6 16. Bxd6 Qxd6 17. Qb3 Nb6 18. Nb5 Qe7 19. Ne5 Nfd5 20. Nc3 Rd8 21. Be2 Bd7 22. Bf3 Be8 23. Nc4 Rac8 24. Nxd5 Nxd5 25. Ne3 Rxc1 26. Rxc1 Nb6 27. d5 Ba4 28. Qd3 Qd7 29. b3 Bc6 30. Nc4 Bxd5 31. Nxb6 axb6 32. Rd1 Bc6 33. Qxd7 Rxd7 34. Rxd7 Bxd7 35. Bxb7 Kf8 36. Kf1 Ke7 37. Ke2 Kd6 38. b4 Bb5+ 39. Ke3 e5 40. g3 f5 41. f4 e4 42. h4 Bd7 43. Kd4 Bc6 44. Bc8 Bd7 45. Bb7 Bc6 1/2-1/2

[Event "GER-chT U14"]
[Site "Regensburg"]
[Date "2014.12.29"]
[Round "5.2"]
[White "Ramien, David"]
[Black "Baureis, Julian"]
[Result "1/2-1/2"]
[WhiteElo "1908"]
[BlackElo "1358"]
[PlyCount "101"]
[EventDate "2014.12.27"]
[EventType "team-swiss"]
[EventRounds "7"]
[EventCountry "GER"]
[SourceTitle "EXT 2016"]
[Source "ChessBase"]
[SourceDate "2015.10.08"]
[SourceVersion "1"]
[SourceVersionDate "2015.10.08"]
[SourceQuality "1"]
[WhiteTeam "Porz SG"]
[BlackTeam "Walldorf"]
[WhiteTeamCountry "GER"]
[BlackTeamCountry "GER"]

1. e4 c5 2. Nf3 e6 3. d4 cxd4 4. Nxd4 a6 5. Nd2 Qc7 6. Bd3 Nf6 7. 0-0 d6 8. Qe2 Be7 9. Kh1 Nbd7 10. f4 Nc5 11. N2b3 Bd7 12. Nxc5 Qxc5 13. Be3 Qc7 14. c4 Bc6 15. Nxc6 Qxc6 16. Bd4 Rc8 17. Rad1 Rg8 18. b3 Nd7 19. Bb1 h6 20. Rf3 Rd8 21. Rg3 Nf6 22. Bb2 g6 23. e5 Nh5 24. Rf3 Qc7 25. Bd4 Ng7 26. Re1 Nf5 27. exd6 Bxd6 28. Bf6 Be7 29. Bxe7 Nxe7 30. Rd1 Rxd1+ 31. Qxd1 Nc6 32. Be4 Ke7 33. Rd3 Rd8 34. Rxd8 Nxd8 35. g3 b6 36. Qd4 Qd6 37. Qxd6+ Kxd6 38. b4 Nc6 39. Bxc6 Kxc6 40. Kg2 f6 41. Kf3 Kd6 42. Ke4 Kc6 43. g4 Kd6 44. h4 g5 45. fxg5 fxg5 46. h5 a5 47. a3 a4 48. Kd4 e5+ 49. Kd3 Kd7 50. Ke3 Ke7 51. Ke4 1/2-1/2

[Event "GER-chT U14"]
[Site "Regensburg"]
[Date "2014.12.27"]
[Round "1.3"]
[White "Baureis, Julian"]
[Black "Buzatu, Alexander"]
[Result "1-0"]
[WhiteElo "1358"]
[BlackElo "1428"]
[PlyCount "57"]
[EventDate "2014.12.27"]
[EventType "team-swiss"]
[EventRounds "7"]
[EventCountry "GER"]
[SourceTitle "EXT 2016"]
[Source "ChessBase"]
[SourceDate "2015.10.08"]
[SourceVersion "1"]
[SourceVersionDate "2015.10.08"]
[SourceQuality "1"]
[WhiteTeam "Walldorf"]
[BlackTeam "Erlangen"]
[WhiteTeamCountry "GER"]
[BlackTeamCountry "GER"]

1. d4 Nf6 2. Nf3 d5 3. c4 e6 4. Nc3 c6 5. cxd5 exd5 6. Bg5 Nbd7 7. e3 Bb4 8. Qc2 h6 9. Bf4 Qe7 10. Bd3 Ne4 11. Nd2 Nxd2 12. Kxd2 Nf6 13. f3 Bd6 14. Bxd6 Qxd6 15. g3 Be6 16. Ne2 Qb4+ 17. Qc3 Qxc3+ 18. bxc3 0-0-0 19. Rab1 Nd7 20. Rb2 Nb6 21. Rhb1 Rd7 22. a4 Nxa4 23. Rxb7 Rxb7 24. Ba6 Nb6 25. Bxb7+ Kxb7 26. Nf4 Re8 27. Nh5 Rg8 28. e4 dxe4 29. fxe4 1-0